|
|
|
|
| LEADER |
00000nab a2200000uu 4500 |
| 001 |
vtls011519823 |
| 003 |
SK-MaSNL |
| 005 |
20260303215347.0 |
| 008 |
240322|1931 xo |||||||||||||||||cze| |
| 015 |
|
|
|a SNBRB
|
| 035 |
|
|
|a (urnnbn)urn:nbn:sk:snk:ar-0020l9
|
| 035 |
|
|
|a (uuid)dd77ae36-51c9-4f4b-8eee-9ceae487a1db
|
| 035 |
|
|
|a urn:nbn:sk:snk-abe8fx
|
| 040 |
|
|
|a SNKBUCL
|b slo
|c SNKBUCL
|e AACR2
|
| 041 |
0 |
|
|a cze
|
| 044 |
|
|
|a xo
|c SK
|
| 100 |
1 |
|
|a Bednárik, Rudolf,
|d 1903-1975
|4 aut
|9 38372
|
| 245 |
1 |
0 |
|a Antonín Václavík: Luhačovské Zálesí
|c R. Bednárik
|
| 773 |
0 |
|
|t Slovenské pohľady
|g Roč. 47, č. 6 - 8 (1931), s. 517-518
|
| 850 |
|
|
|a Slovenská národná knižnica
|
| 852 |
|
|
|a Slovenská národná knižnica
|
| 954 |
|
|
|a odborná, vedecká literatúra pôvodná (slovenská)
|2 lita
|
| 958 |
|
|
|a EUIPO
|
| 958 |
|
|
|a OND
|
| 958 |
|
|
|a article21
|
| 999 |
|
|
|c 2221277
|d 2223207
|